|
|
|
|
| LEADER |
00702cam a2200217 7i4500 |
| 001 |
0000023517 |
| 005 |
20080808090000.0 |
| 008 |
080808 bm |
| 020 |
|
|
|a 9835202982
|
| 040 |
|
|
|a UM
|
| 050 |
0 |
0 |
|a TK5105 MOH 2003
|
| 090 |
0 |
0 |
|a TK5105
|b .M63 2003
|
| 100 |
0 |
|
|a Mohd Aizaini Maarof
|
| 245 |
1 |
0 |
|a Komunikasi data
|c Mohd Aizaini Maarof, Abdul Hanan Abdullah.
|
| 260 |
|
|
|a Skudai, Johor:
|b Penerbit Universiti Teknologi Malaysia,
|c 2003.
|
| 300 |
|
|
|a xi, 260 p.:
|b ill.;
|c 27 cm.
|
| 500 |
|
|
|a Includes index
|
| 650 |
0 |
0 |
|a Computer networks
|
| 650 |
0 |
0 |
|a Data transmission systems
|
| 700 |
0 |
|
|a Abdul Hanan Abdullah
|
| 999 |
|
|
|a 0000028358
|b BOK
|c OPEN SHELF
|e 2nd Floor, Bestari Jaya
|